Marketing: ventas al por menor. Para empleados, gerentes y empresarios
Na minha lista:
| Main Authors: | , , , |
|---|---|
| Formato: | Livro |
| Idioma: | espanhol |
| Publicado em: |
Bogotá
McGraw-Hill
1992
|
| Edição: | 1a. ed |
| Assuntos: | |
| Tags: |
Adicionar Tag
Sem tags, seja o primeiro a adicionar uma tag!
|
MARC
| LEADER | 00000cam a2200000 a 4500 | ||
|---|---|---|---|
| 001 | UCD9029 | ||
| 003 | CL-VaPUC | ||
| 008 | 170602e19920000ck |||||||||||||||||spa|d | ||
| 020 | |a 9586000745 | ||
| 082 | 0 | 4 | |a 658.8 |b MEY |2 21 |
| 100 | |a Meyer, Warren G. |e autor |9 592702 | ||
| 700 | 0 | |a Harris, E. Edward |e author |9 592703 | |
| 700 | 0 | |a Kohns, Donald P |e author |9 592704 | |
| 700 | 0 | |a Stone, James R |e author |9 592705 | |
| 245 | 1 | 0 | |a Marketing: ventas al por menor. Para empleados, gerentes y empresarios |
| 250 | |a 1a. ed | ||
| 300 | |a 577 p | ||
| 942 | |c BK | ||
| 945 | |d 20170602 23:29:00 |a dcastane | ||
| 260 | |a Bogotá |b McGraw-Hill |c 1992 | ||
| 650 | 0 | |a Marketing |9 259324 | |
| 650 | 0 | |a Ventas |9 259323 | |
| 583 | |a last modification |c 20170602 23:29:00 |k Rodrigo Vera | ||
| 999 | |c 368332 |d 368330 | ||